<?xml version="1.0" encoding="UTF-8"?>
<record
    xmlns:xsi="http://www.w3.org/2001/XMLSchema-instance"
    xsi:schemaLocation="http://www.loc.gov/MARC21/slim http://www.loc.gov/standards/marcxml/schema/MARC21slim.xsd"
    xmlns="http://www.loc.gov/MARC21/slim">

  <leader>01506    a2200205   4500</leader>
  <controlfield tag="001">54559</controlfield>
  <controlfield tag="005">20260407155819.0</controlfield>
  <controlfield tag="008">260407a1961    arg                 spa d</controlfield>
  <controlfield tag="003">AR-UNSa-BCEJYS</controlfield>
  <datafield tag="040" ind1=" " ind2=" ">
    <subfield code="a">AR-UNSa-BCEJYS</subfield>
    <subfield code="b">spa</subfield>
    <subfield code="c">AR-UNSa-BCEJYS</subfield>
  </datafield>
  <datafield tag="080" ind1=" " ind2=" ">
    <subfield code="a">658.011.56</subfield>
    <subfield code="x">Automatizaci&#xF3;n</subfield>
  </datafield>
  <datafield tag="245" ind1="1" ind2="0">
    <subfield code="a">Consecuencias econ&#xF3;micas de la automaci&#xF3;n</subfield>
  </datafield>
  <datafield tag="264" ind1=" " ind2="1">
    <subfield code="a">Buenos Aires :</subfield>
    <subfield code="b">TEA (Tipogr&#xE1;fica Editora Argentina)</subfield>
    <subfield code="c">1961</subfield>
  </datafield>
  <datafield tag="300" ind1=" " ind2=" ">
    <subfield code="a">294 p.</subfield>
    <subfield code="c">21 cm.</subfield>
  </datafield>
  <datafield tag="505" ind1=" " ind2=" ">
    <subfield code="a">1. &#xBF;Qu&#xE9; significa Automaci&#xF3;n? - 2. Avance tecnol&#xF3;gico - 3. Los l&#xED;mites de la automaci&#xF3;n - 4. La econom&#xED;a de la automaci&#xF3;n - 5. Algunos problemas econ&#xF3;micos pr&#xE1;cticos - 6. Producci&#xF3;n con un exceso de ocupaci&#xF3;n - 7. &#xBF;La automaci&#xF3;n trer&#xE1; desocupaci&#xF3;n? - 8. Producci&#xF3;n expansiva - 9. &#xBF;Deflaci&#xF3;n o inflaci&#xF3;n? - 10.  El tri&#xE1;ngulo salarios-ganancias-precios - 11. Necesidades de capital - 12. &#xBF;Dejaron de existir los ciclos econ&#xF3;micos - 13. La pol&#xED;tica monetaria en la era de la automaci&#xF3;n - 14. Problemas de la balanza de pagos - 15. La amenaza de la escasez de materias primas - 16. Consideraciones en materia fiscal - 17. Pol&#xED;ticas de salarios - 18. &#xBF;Control o libertad? - 19. Consideraciones sociales - 20. C&#xF3;mo afecta a los pa&#xED;ses subdesarrollados - 21. El impacto de la automaci&#xF3;n sobre la defensa nacional - 22. Ventajas de la automaci&#xF3;n - 23. Desventajas de la automaci&#xF3;n - 24. &#xBF;Qu&#xE9; debe hacerse?</subfield>
  </datafield>
  <datafield tag="041" ind1=" " ind2=" ">
    <subfield code="a">spa</subfield>
  </datafield>
  <datafield tag="942" ind1=" " ind2=" ">
    <subfield code="c">BK</subfield>
  </datafield>
  <datafield tag="590" ind1=" " ind2=" ">
    <subfield code="a">niveau_biblio:m niveau_hierar:0</subfield>
  </datafield>
  <datafield tag="100" ind1="1" ind2=" ">
    <subfield code="a">Einzig, Paul</subfield>
  </datafield>
  <datafield tag="999" ind1=" " ind2=" ">
    <subfield code="c">5639</subfield>
    <subfield code="d">5639</subfield>
  </datafield>
  <datafield tag="952" ind1=" " ind2=" ">
    <subfield code="0">0</subfield>
    <subfield code="1">0</subfield>
    <subfield code="4">0</subfield>
    <subfield code="7">0</subfield>
    <subfield code="a">BCEJYS</subfield>
    <subfield code="b">BCEJYS</subfield>
    <subfield code="c">16</subfield>
    <subfield code="d">2026-04-07</subfield>
    <subfield code="l">0</subfield>
    <subfield code="o">658.011.56 E35</subfield>
    <subfield code="p">L23898</subfield>
    <subfield code="r">2026-04-07 15:58:19</subfield>
    <subfield code="w">2026-04-07</subfield>
    <subfield code="y">L</subfield>
  </datafield>
</record>
